Visualizzazione normale
Vista MARC
- Catta, Tony,
di Personal Name
Records bibliografici associati: 1
001 - CONTROL NUMBER
- control field: 51380
003 - CONTROL NUMBER IDENTIFIER
- control field: IT-RoINE
005 - DATE AND TIME OF LATEST TRANSACTION
- control field: 20180706061931.0
008 - FIXED-LENGTH DATA ELEMENTS
- fixed length control field: 180706|| aca||aabn | a|a d
040 ## - CATALOGING SOURCE
- Original cataloging agency: IT-RoINE
- Transcribing agency: IT-RoINE
100 ## - HEADING--PERSONAL NAME
- Personal name: Catta, Tony,
- Dates associated with a name: 1884-1974
670 ## - SOURCE DATA FOUND
- Source citation: Work cat.: (IT-RoINE)0: Catta, Étienne, 1901-1974 51377, Le T.R.P. Basile-Antoine Moreau, (1799-1873), et les Origines de la Congrégation de Sainte-Croix /, 1950.